[Event "AUT-ch 2018"]
[Site "Vienna"]
[Date "2018.07.26"]
[Round "6"]
[White "Fauland, Alexander"]
[Black "Schloffer, Jasmin-Denise"]
[Result "0-1"]
[WhiteElo "2419"]
[BlackElo "2102"]
[Annotator "RC"]
[PlyCount "102"]
[EventDate "2018.07.22"]
[EventType "swiss"]
[EventCountry "AUT"]
[SourceTitle "playchess.com"]
[Source "ChessBase"]
[SourceQuality "1"]
[TimeControl "40/5400+30:1800+30"]

1. Nf3 {[%emt 0:00:00]} Nf6 {[%emt 0:00:06]} 2. c4 {[%emt 0:00:00]} c5 {[%emt 0:00:09]} 3. g3 {[%emt 0:02:11]} Nc6 {[%emt 0:02:01]} 4. Bg2 {[%emt 0:00:48]} g6 {[%emt 0:01:22]} 5. Nc3 {[%emt 0:00:19]} Bg7 {[%emt 0:00:24]} 6. O-O {[%emt 0:00:49]} O-O {[%emt 0:00:35]} 7. d4 {[%emt 0:01:49]} cxd4 {[%emt 0:03:40]} 8. Nxd4 {[%emt 0:00:05]} Qb6 {[%emt 0:04:54]} 9. Nc2 {[%emt 0:03:02]} d6 {[%emt 0:00:56]} 10. b3 {[%emt 0:00:36]} Bd7 {[%emt 0:05:29]} 11. Bb2 {[%emt 0:03:53]} Ne5 {[%emt 0:04:17]} 12. Qd2 {[%emt 0:17:24]} Bc6 {[%emt 0:06:36]} 13. e4 {[%emt 0:02:53]} a5 {[%emt 0:10:10]} 14. Nd4 {[%emt 0:02:05]} Nfd7 {[%emt 0:08:22]} 15. Nxc6 {[%emt 0:07:28]} bxc6 {[%emt 0:03:05]} 16. Na4 {[%emt 0:00:20]} Qa7 {[%emt 0:02:50]} 17. Rad1 {[%emt 0:03:41]} Nb6 {[%emt 0:08:18]} 18. Nxb6 {[%emt 0:10:30]} Qxb6 {[%emt 0:00:09]} 19. Bc3 {[%emt 0:17:30]} Rfd8 {[%emt 0:05:42]} 20. Rb1 {[%emt 0:06:33]} c5 {[%emt 0:06:31]} 21. f4 {[%emt 0:09:11]} Nc6 {[%emt 0:00:21]} 22. Bxg7 {[%emt 0:00:05]} Kxg7 {[%emt 0:00:07]} 23. f5 {[%emt 0:00:04]} Ne5 {[%emt 0:06:15]} 24. f6+ {[%emt 0:01:01]} exf6 {[%emt 0:00:12]} 25. Qf4 {[%emt 0:00:08]} Qc7 {[%emt 0:00:38]} 26. Qxf6+ {[%emt 0:00:06]} Kg8 {[%emt 0:00:06]} 27. Rbd1 {[%emt 0:00:48]} a4 {[%emt 0:05:44]} 28. Rd5 {[%emt 0:01:07]} axb3 {[%emt 0:01:07]} 29. axb3 {[%emt 0:00:09]} Rab8 {[%emt 0:00:54]} 30. Rfd1 {[%emt 0:01:15]} Ng4 {[%emt 0:01:44]} 31. Qf4 {[%emt 0:03:28]} Ne5 {[%emt 0:00:07]} 32. Qf6 {[%emt 0:00:02]} Ng4 {[%emt 0:00:05]} 33. Qg5 {[%emt 0:00:28]} Ne5 {[%emt 0:00:11]} 34. b4 {[%emt 0:00:21]} h6 {[%emt 0:03:31]} 35. Qf6 {[%emt 0:03:55]} Nxc4 {[%emt 0:02:13]} 36. bxc5 {[%emt 0:01:23]} Ne3 {[%emt 0:00:40]} 37. cxd6 {[%emt 0:00:56]} Qb6 {[%emt 0:00:55]} 38. Kh1 {[%emt 0:00:23]} Nxd5 {[%emt 0:00:44]} 39. exd5 {[%emt 0:00:20]} Qxd6 {[%emt 0:00:23]} 40. Qh4 {[%emt 0:00:50]} h5 {[%emt 0:32:46]} 41. Qd4 {[%emt 0:31:45]} Rdc8 {[%emt 0:04:33]} 42. Rf1 {[%emt 0:00:36]} Rb4 {[%emt 0:01:47]} 43. Qf2 {[%emt 0:00:00]} Rc7 {[%emt 0:00:00]} 44. Rd1 {[%emt 0:00:00]} Rcb7 {[%emt 0:00:00]} 45. Qe1 {[%emt 0:00:00]} Rb8 {[%emt 0:00:00]} 46. Rc1 {[%emt 0:00:00]} Rb2 {[%emt 0:00:00]} 47. Qe4 {[%emt 0:00:00]} Qb6 {[%emt 0:00:00]} 48. Qf4 {[%emt 0:00:00]} Rb1 {[%emt 0:00:00]} 49. Rxb1 {[%emt 0:00:00]} Qxb1+ {[%emt 0:00:00]} 50. Bf1 {[%emt 0:00:00]} Rd8 {[%emt 0:00:00]} 51. Qf3 {[%emt 0:00:00]} Rxd5 {[%emt 0:00:00]} 0-1

[Event "AUT-ch 2018"]
[Site "Vienna"]
[Date "2018.07.26"]
[Round "6"]
[White "Morgunov, Daniel"]
[Black "Stanec, Nikolaus"]
[Result "0-1"]
[WhiteElo "2346"]
[BlackElo "2465"]
[Annotator "TA"]
[PlyCount "116"]
[EventDate "2018.07.22"]
[EventType "swiss"]
[EventCountry "AUT"]
[SourceTitle "playchess.com"]
[Source "ChessBase"]
[SourceQuality "1"]

{[%evp 17,116,-5,0,-22,-20,-45,-53,-40,-26,-28,-25,-37,-14,-34,-11,-17,0,-18,-15,-15,-16,-13,-12,-30,-10,-9,-3,-31,-23,-23,-23,-52,-5,-27,-8,-74,-68,-185,-186,-183,-179,-189,-191,-181,-127,-204,-204,-203,-197,-196,-196,-231,-216,-236,-236,-254,-247,-244,-261,-436,-437,-435,-435,-424,-407,-407,-403,-465,-457,-447,-446,-416,-402,-438,-415,-1114,-1114,-1118,-1107,-1098,-1087,-1065,-978,-389,-198,-929,-932,-574,-198,-1046,-1018,-1509,-1350,-1185,-1105,-29963,-29966,-12789,-29958,-4718,-1021]} 1. e4 g6 2. d4 {[%cal Bd2d4,Bd4d5][%mdl 32]} Bg7 3. Nc3 d6 4. f4 Nc6 5. d5 Nb8 6. Be3 Nf6 7. Nf3 c6 8. dxc6 {B06: Moderne Verteidigung} (8. Qd2 O-O 9. Bd3 Nbd7 10. O-O cxd5 11. exd5 Nc5 12. Bd4 Bg4 13. b4 Nxd3 14. Qxd3 Nh5 15. Bxg7 Nxg7 {1-0 (37) Sean,W (2406)-Czebe,A (2475) Dunajska Streda 2017}) 8... Nxc6 9. Bd3 O-O {LiveBook: 3 Partien} 10. O-O {Die Stellung ist ausgeglichen.} Ng4 11. Qe1 $146 ({Vorgänger:} 11. Bd2 Qb6+ 12. Kh1 Nf2+ 13. Rxf2 Qxf2 {1-0 (47) Doyle,B (2056)-Flores,D (1732) San Francisco 2014}) 11... Nxe3 12. Qxe3 Bg4 13. Kh1 Bxf3 14. Rxf3 Rc8 15. Nd1 Nd4 16. Rf2 Qa5 17. Qd2 (17. c3 {is interesting.} Nb3 18. Rb1 Qxa2 19. f5 Qa5 20. Bc2) 17... Qxd2 18. Rxd2 Ne6 19. g3 Nc5 20. c3 Nxd3 21. Rxd3 Rc4 $36 {[%mdl 2048] Weiss steht unter Druck.} 22. Nf2 b5 23. a3 a5 24. Re3 Rd8 25. Rd1 b4 26. cxb4 (26. axb4 $11 {bleibt in der Remisbreite.} axb4 27. e5) 26... axb4 $17 27. axb4 {[#]} (27. Rb3 $15) 27... Bd4 $1 $19 {[%cal Rd4e3]} (27... Bxb2 28. Rb3 $15) (27... Rxb4 28. Nd3 $15) 28. Re2 {[#]} Bxf2 $1 ({Bloß nicht} 28... Rxb4 29. Nd3 $15) 29. Rxf2 Rxe4 {[%mdl 4096] Endspiel KTT-KTT} ({Jedoch nicht} 29... Rxb4 30. e5 $15) 30. b5 f5 (30... Rb4 $19 31. Ra1 Rxb5) 31. Ra1 (31. Rd3 $17 {ist eine bessere Verteidigung.}) 31... Rb8 32. Ra5 Kf7 33. Rc2 Rb4 34. Ra7 R8xb5 35. Rcc7 Re4 ({Nicht} 35... Rxb2 36. Rxe7+ Kf6 37. Rxh7 $15) 36. Rab7 Re1+ 37. Kg2 Re2+ 38. Kf3 $2 (38. Kg1 Rd5 39. Kf1) 38... Rxb7 39. Rxb7 Rxh2 {KT-KT} 40. b4 Kf6 41. b5 Rb2 42. b6 Rb3+ 43. Kf2 h6 44. Rb8 Kf7 45. b7 g5 46. Kg2 (46. fxg5 $142 hxg5 47. Ke2) 46... gxf4 47. gxf4 h5 48. Kf2 h4 49. Kg2 h3+ 50. Kh2 Ke6 (50... Kg7 $142 51. Rd8 Rxb7 52. Kxh3 Rb4) 51. Kg1 $2 (51. Rf8 Rxb7 52. Kxh3) 51... Rb2 52. Kh1 h2 $2 (52... Kd5 53. Rf8 Rxb7 54. Rxf5+ Ke4) 53. Rc8 $2 (53. Rf8 Rxb7 54. Kxh2) 53... Rxb7 54. Rc2 Rb8 55. Re2+ Kf6 56. Rb2 Rh8 57. Rd2 Rh4 58. Rd4 Kf7 {Precision: Weiß = 29%, Schwarz = 63%.} 0-1

[Event "AUT-ch 2018"]
[Site "Vienna"]
[Date "2018.07.26"]
[Round "6"]
[White "Schroll, Gerhard"]
[Black "Steiner, Adam"]
[Result "1-0"]
[WhiteElo "2295"]
[BlackElo "2174"]
[Annotator "NA"]
[PlyCount "87"]
[EventDate "2018.07.22"]
[EventType "swiss"]
[EventCountry "AUT"]
[SourceTitle "playchess.com"]
[Source "ChessBase"]
[SourceQuality "1"]
[TimeControl "40/5400+30:1800+30"]

1. c4 {[%emt 0:00:00]} c6 {[%emt 0:00:19]} 2. e4 {[%emt 0:00:00]} d5 {[%emt 0:00:10]} 3. cxd5 {[%emt 0:00:21]} cxd5 {[%emt 0:00:08]} 4. exd5 {[%emt 0:00:08]} Nf6 {[%emt 0:00:07]} 5. Bb5+ {[%emt 0:00:26]} Nbd7 {[%emt 0:04:44]} 6. Nc3 {[%emt 0:00:37]} g6 {[%emt 0:01:04]} 7. d4 {[%emt 0:01:14]} Bg7 {[%emt 0:01:33]} 8. d6 {[%emt 0:00:12]} e6 {[%emt 0:07:53]} 9. Nf3 {[%emt 0:19:30]} O-O {[%emt 0:13:05]} 10. O-O {[%emt 0:01:36]} a6 {[%emt 0:08:33]} 11. Be2 {[%emt 0:00:43]} Nb6 {[%emt 0:04:52]} 12. Bf4 {[%emt 0:01:25]} Nh5 {[%emt 0:01:57]} 13. Be3 {[%emt 0:02:21]} Qxd6 {[%emt 0:02:22]} 14. Ne5 {[%emt 0:01:06]} Nf6 {[%emt 0:00:45]} 15. Bf4 {[%emt 0:12:41]} Nbd5 {[%emt 0:03:31]} 16. Nxd5 {[%emt 0:10:02]} Nxd5 {[%emt 0:00:48]} 17. Bg3 {[%emt 0:02:05]} Qb4 {[%emt 0:04:48]} 18. Rb1 {[%emt 0:00:43]} Rd8 {[%emt 0:06:05]} 19. a3 {[%emt 0:06:00]} Qb6 {[%emt 0:02:20]} 20. Qa4 {[%emt 0:04:57]} Qa7 {[%emt 0:10:11]} 21. Rfd1 {[%emt 0:03:00]} b5 {[%emt 0:05:42]} 22. Qc2 {[%emt 0:01:19]} Bd7 {[%emt 0:02:40]} 23. Qc5 {[%emt 0:04:13]} Rdc8 {[%emt 0:01:55]} 24. Qxa7 {[%emt 0:01:24]} Rxa7 {[%emt 0:00:01]} 25. Bf3 {[%emt 0:03:24]} Nb6 {[%emt 0:04:40]} 26. Rbc1 {[%emt 0:02:44]} f6 {[%emt 0:02:54]} 27. Nxd7 {[%emt 0:04:38]} Rxd7 {[%emt 0:00:48]} 28. Rxc8+ {[%emt 0:00:33]} Nxc8 {[%emt 0:00:01]} 29. Bc6 {[%emt 0:00:13]} Rd8 {[%emt 0:05:06]} 30. Bc7 {[%emt 0:03:57]} Rf8 {[%emt 0:00:03]} 31. Bb7 {[%emt 0:02:27]} Rf7 {[%emt 0:02:01]} 32. Rc1 {[%emt 0:00:27]} Bh6 {[%emt 0:01:43]} 33. Rc2 {[%emt 0:00:21]} Nb6 {[%emt 0:00:42]} 34. Bxa6 {[%emt 0:00:32]} Nd5 {[%emt 0:00:16]} 35. Bd6 {[%emt 0:01:43]} Rd7 {[%emt 0:01:03]} 36. Bc5 {[%emt 0:00:14]} Nc7 {[%emt 0:02:09]} 37. Bc8 {[%emt 0:01:08]} Rd8 {[%emt 0:00:26]} 38. Bb7 {[%emt 0:00:06]} e5 {[%emt 0:00:44]} 39. Bb6 {[%emt 0:00:17]} exd4 {[%emt 0:00:36]} 40. Rxc7 {[%emt 0:00:29]} d3 {[%emt 0:30:59]} 41. Rg7+ {[%emt 0:31:45]} Kxg7 {[%emt 0:00:00]} 42. Bxd8 {[%emt 0:00:00]} Bc1 {[%emt 0:00:00]} 43. b3 {[%emt 0:00:00]} Bxa3 {[%emt 0:00:00]} 44. Kf1 {[%emt 0:00:00]} 1-0

[Event "AUT-ch 2018"]
[Site "Vienna"]
[Date "2018.07.26"]
[Round "6"]
[White "Kummer, Helmut"]
[Black "Halvax, Georg"]
[Result "0-1"]
[WhiteElo "2290"]
[BlackElo "2433"]
[Annotator "TA"]
[PlyCount "102"]
[EventDate "2018.07.22"]
[EventType "swiss"]
[EventCountry "AUT"]
[SourceTitle "playchess.com"]
[Source "ChessBase"]
[SourceQuality "1"]

{[%evp 13,101,26,25,0,8,-3,-14,-13,0,0,0,0,11,6,17,5,33,39,23,26,29,17,35,4,26,0,0,0,0,-38,-40,-40,-19,-31,-11,-47,-35,-66,-53,-75,-58,-68,-84,-106,-80,-87,-96,-186,-194,-195,-187,-217,-184,-208,-189,-268,0,-205,-200,-362,-350,-454,-460,-497,-489,-528,-448,-439,-400,-722,-714,-710,-710,-615,-579,-1504,-1428,-1955,-1720,-29982,-29983,-29983,-29984,-29984,-29985,-29989,-29990,-29992,-29993,-29999]} 1. d4 Nf6 2. c4 e6 3. Nc3 Bb4 4. Nf3 d5 5. Bg5 Nbd7 6. e3 c5 7. cxd5 exd5 {LiveBook: 1237 Games} 8. Nd2 {D38: Queen's Gambit Declined: Ragozin Defence (4 Nf3 Bb4)} (8. Bd3 c4 9. Bf5 Qa5 10. Qc2 O-O 11. O-O Re8 12. Nd2 g6 13. Bh3 Kg7 14. Rfb1 h6 15. Bh4 g5 16. Bxd7 Bxd7 17. Bg3 Kg8 18. a3 Bf8 19. b3 cxb3 20. Nxb3 Qd8 21. Be5 Rc8 {1-0 (40) Korobov,A (2652)-Mamedyarov,S (2799) Huaian 2017}) 8... Qa5 9. Bxf6 (9. dxc5 {looks sharper.} Bxc3 10. bxc3 O-O 11. Qc2 Qxc5 12. Be2) 9... Nxf6 10. dxc5 {The position is equal.} O-O 11. Be2 Bxc3 12. bxc3 Qxc3 $146 ({Predecessor:} 12... Qxc5 13. Rc1 Be6 14. O-O Rac8 15. Qa4 a6 16. Nb3 Qe7 17. Nd4 Ne4 {½-½ (53) Schriewer,T (2012)-Beckmann,K (2079) Germany 2014}) 13. Qc1 Qe5 14. O-O Bf5 (14... Qe7 {keeps more tension.} 15. Qc3 Rd8 16. Nb3 Bg4 17. f3 Be6) 15. Nf3 Qe7 16. Qb2 Rfc8 17. Rac1 Rab8 18. Rfd1 Rxc5 19. Rxc5 Qxc5 20. Qe5 Qc8 21. Bf1 h6 22. Nd4 Be4 23. Ne2 Qe8 24. Qd4 a6 25. f3 Bf5 26. Nc3 b5 27. Kf2 Be6 28. a3 Qc6 29. Rc1 Qd6 30. Ne2 (30. Qf4 $17 {might work better.} Qxf4 31. exf4) 30... Qxa3 $19 31. Ra1 Qd6 32. Nf4 Qb6 33. Qe5 {intending Rxa6!} Nd7 34. Qb2 (34. Qd4 $142) 34... Nf6 $2 (34... a5 $19 {Hoping for ...b4.} 35. Qd2 b4 36. Nxd5 Qc5) 35. Qd2 $2 (35. Qe5 $1 $11) 35... Rc8 36. g4 $2 {[#]} (36. Qa5 Rc2+ 37. Be2 Qxa5 38. Rxa5) 36... Bxg4 $1 37. Bd3 (37. fxg4 Ne4+) 37... d4 38. e4 Be6 39. Rg1 Qc7 40. Kg2 Qc3 41. Qf2 {[#]} (41. Rd1 $142) 41... Nh5 $1 {[%mdl 512]} 42. Nxh5 Qxd3 43. Kh1 Qe3 44. Qf1 g6 {[%cal Bg7g6,Bg6h5][%mdl 32]} 45. h4 Rc3 46. f4 Qxe4+ {Black mates.} 47. Rg2 Rh3+ 48. Kg1 Qe3+ 49. Rf2 gxh5 50. f5 Bd5 {[%csl Gd5][%cal Rh3h1]} 51. f6 Rh1# {Precision: White = 22%, Black = 53%.} 0-1

[Event "AUT-ch 2018"]
[Site "Vienna"]
[Date "2018.07.26"]
[Round "6"]
[White "Neumeier, Klaus"]
[Black "Zimmermann, Heinz"]
[Result "1-0"]
[WhiteElo "2284"]
[BlackElo "2162"]
[Annotator "NA"]
[PlyCount "59"]
[EventDate "2018.07.22"]
[EventType "swiss"]
[EventCountry "AUT"]
[SourceTitle "playchess.com"]
[Source "ChessBase"]
[SourceQuality "1"]
[TimeControl "40/5400+30:1800+30"]

1. Nf3 {[%emt 0:00:00]} Nf6 {[%emt 0:00:11]} 2. c4 {[%emt 0:00:00]} g6 {[%emt 0:00:18]} 3. g3 {[%emt 0:00:14]} Bg7 {[%emt 0:00:10]} 4. Bg2 {[%emt 0:00:07]} O-O {[%emt 0:00:33]} 5. d4 {[%emt 0:00:37]} d6 {[%emt 0:00:43]} 6. Nc3 {[%emt 0:00:22]} c5 {[%emt 0:00:30]} 7. O-O {[%emt 0:00:43]} Nc6 {[%emt 0:00:41]} 8. d5 {[%emt 0:00:19]} Na5 {[%emt 0:00:15]} 9. Nd2 {[%emt 0:00:28]} a6 {[%emt 0:01:10]} 10. Qc2 {[%emt 0:00:21]} Rb8 {[%emt 0:00:18]} 11. b3 {[%emt 0:00:15]} b5 {[%emt 0:00:18]} 12. Bb2 {[%emt 0:00:13]} bxc4 {[%emt 0:00:17]} 13. bxc4 {[%emt 0:00:07]} e5 {[%emt 0:05:21]} 14. Nd1 {[%emt 0:01:12]} Bh6 {[%emt 0:03:48]} 15. Bc3 {[%emt 0:03:12]} Bd7 {[%emt 0:00:24]} 16. e3 {[%emt 0:13:43]} Ne8 {[%emt 0:09:00]} 17. f4 {[%emt 0:03:58]} exf4 {[%emt 0:09:43]} 18. exf4 {[%emt 0:00:20]} Bg7 {[%emt 0:01:08]} 19. Ne3 {[%emt 0:01:36]} Bd4 {[%emt 0:07:57]} 20. Rae1 {[%emt 0:05:26]} Bf5 {[%emt 0:11:52]} 21. Qc1 {[%emt 0:03:13]} Bd3 {[%emt 0:01:48]} 22. Rf2 {[%emt 0:00:28]} Ng7 {[%emt 0:09:24]} 23. Qa3 {[%emt 0:14:07]} Bxc3 {[%emt 0:10:40]} 24. Qxc3 {[%emt 0:00:09]} Bf5 {[%emt 0:00:11]} 25. g4 {[%emt 0:01:55]} Bd7 {[%emt 0:00:12]} 26. f5 {[%emt 0:00:17]} f6 {[%emt 0:02:59]} 27. Ne4 {[%emt 0:08:54]} Ne8 {[%emt 0:01:07]} 28. fxg6 {[%emt 0:01:05]} hxg6 {[%emt 0:00:09]} 29. Ref1 {[%emt 0:00:45]} f5 {[%emt 0:03:40]} 30. gxf5 1-0

[Event "AUT-ch 2018"]
[Site "Vienna"]
[Date "2018.07.26"]
[Round "6"]
[White "Sadilek, Peter"]
[Black "Frank, Emanuel"]
[Result "1/2-1/2"]
[WhiteElo "2268"]
[BlackElo "2161"]
[Annotator "NA"]
[PlyCount "60"]
[EventDate "2018.07.22"]
[EventType "swiss"]
[EventCountry "AUT"]
[SourceTitle "playchess.com"]
[Source "ChessBase"]
[SourceQuality "1"]
[TimeControl "40/5400+30:1800+30"]

1. d4 {[%emt 0:00:45]} d5 {[%emt 0:00:09]} 2. c4 {[%emt 0:00:30]} e6 {[%emt 0:00:07]} 3. Nf3 {[%emt 0:00:56]} Nf6 {[%emt 0:00:06]} 4. Nc3 {[%emt 0:02:06]} Be7 {[%emt 0:00:32]} 5. g3 {[%emt 0:04:45]} O-O {[%emt 0:03:29]} 6. Bg2 {[%emt 0:00:03]} dxc4 {[%emt 0:00:04]} 7. Ne5 {[%emt 0:04:22]} c5 {[%emt 0:04:12]} 8. dxc5 {[%emt 0:02:19]} Qxd1+ {[%emt 0:01:21]} 9. Nxd1 {[%emt 0:00:03]} Bxc5 {[%emt 0:05:12]} 10. O-O {[%emt 0:01:40]} Nc6 {[%emt 0:04:54]} 11. Nxc4 {[%emt 0:13:56]} Bd7 {[%emt 0:03:38]} 12. Be3 {[%emt 0:09:22]} Bxe3 {[%emt 0:19:08]} 13. Ndxe3 {[%emt 0:00:49]} Rfd8 {[%emt 0:02:23]} 14. Rfd1 {[%emt 0:10:07]} Kf8 {[%emt 0:04:13]} 15. Nd6 {[%emt 0:11:52]} Rab8 {[%emt 0:05:28]} 16. a3 {[%emt 0:09:47]} Ke7 {[%emt 0:19:44]} 17. b4 {[%emt 0:11:23]} Ne8 {[%emt 0:02:30]} 18. Ne4 {[%emt 0:05:04]} Nf6 {[%emt 0:02:42]} 19. Nc5 {[%emt 0:00:32]} Be8 {[%emt 0:00:32]} 20. Rxd8 {[%emt 0:06:39]} Nxd8 {[%emt 0:02:12]} 21. a4 {[%emt 0:01:04]} Bc6 {[%emt 0:03:38]} 22. Bxc6 {[%emt 0:01:47]} Nxc6 {[%emt 0:00:39]} 23. b5 {[%emt 0:00:52]} Na5 {[%emt 0:04:01]} 24. Rd1 {[%emt 0:00:18]} Rc8 {[%emt 0:01:21]} 25. Nd3 {[%emt 0:00:08]} Ne4 {[%emt 0:01:27]} 26. Ne5 {[%emt 0:01:03]} f6 {[%emt 0:01:08]} 27. Nd3 {[%emt 0:00:25]} Nc3 {[%emt 0:01:27]} 28. Rd2 {[%emt 0:00:17]} Nb3 {[%emt 0:01:58]} 29. Rb2 {[%emt 0:00:01]} Nd4 {[%emt 0:00:25]} 30. Kf1 {[%emt 0:00:00]} e5 {[%emt 0:03:47]} 1/2-1/2

[Event "AUT-ch 2018"]
[Site "Vienna"]
[Date "2018.07.26"]
[Round "6"]
[White "Gelbenegger, Patrick"]
[Black "Miazhynski, Yuri"]
[Result "1-0"]
[WhiteElo "2260"]
[BlackElo "2147"]
[Annotator "ChessBase"]
[PlyCount "135"]
[EventDate "2018.07.22"]
[EventType "swiss"]
[EventCountry "AUT"]
[SourceTitle "playchess.com"]
[Source "ChessBase"]
[SourceQuality "1"]
[TimeControl "40/5400+30:1800+30"]

1. e4 {[%emt 0:00:00]} c5 {[%emt 0:00:14]} 2. Nf3 {[%emt 0:00:04]} e6 {[%emt 0:00:11]} 3. d4 {[%emt 0:00:14]} cxd4 {[%emt 0:00:06]} 4. Nxd4 {[%emt 0:00:04]} a6 {[%emt 0:00:19]} 5. Bd3 {[%emt 0:00:25]} g6 {[%emt 0:01:22]} 6. O-O {[%emt 0:05:23]} Bg7 {[%emt 0:00:36]} 7. Be3 {[%emt 0:02:18]} Ne7 {[%emt 0:02:40]} 8. c3 {[%emt 0:04:18]} d5 {[%emt 0:13:29]} 9. Nd2 {[%emt 0:11:32]} O-O {[%emt 0:04:35]} 10. Bg5 {[%emt 0:16:33]} f6 {[%emt 0:13:15]} 11. Bh4 {[%emt 0:02:07]} e5 {[%emt 0:04:04]} 12. N4b3 {[%emt 0:02:29]} Nbc6 {[%emt 0:28:32]} 13. exd5 {[%emt 0:09:42]} Nxd5 {[%emt 0:00:26]} 14. Ne4 {[%emt 0:03:24]} Nf4 {[%emt 0:08:24]} 15. Bc4+ {[%emt 0:04:23]} Be6 {[%emt 0:00:08]} 16. Bxe6+ {[%emt 0:01:36]} Nxe6 {[%emt 0:00:03]} 17. Nd6 {[%emt 0:02:14]} Qe7 {[%emt 0:04:15]} 18. Qd5 {[%emt 0:06:36]} Rad8 {[%emt 0:00:44]} 19. Rad1 {[%emt 0:00:20]} Kh8 {[%emt 0:05:41]} 20. Nc5 {[%emt 0:02:42]} Rxd6 {[%emt 0:01:12]} 21. Qxd6 {[%emt 0:02:18]} Qxd6 {[%emt 0:00:05]} 22. Rxd6 {[%emt 0:00:18]} Nxc5 {[%emt 0:00:02]} 23. f3 {[%emt 0:02:18]} Rd8 {[%emt 0:05:57]} 24. Rfd1 {[%emt 0:00:49]} Ne6 {[%emt 0:00:51]} 25. Bf2 {[%emt 0:02:48]} Rxd6 {[%emt 0:02:16]} 26. Rxd6 {[%emt 0:00:12]} Nf8 {[%emt 0:00:05]} 27. b4 {[%emt 0:01:58]} Kg8 {[%emt 0:00:34]} 28. a4 {[%emt 0:01:19]} Kf7 {[%emt 0:00:10]} 29. c4 {[%emt 0:03:16]} Ke8 {[%emt 0:02:42]} 30. b5 {[%emt 0:01:19]} axb5 {[%emt 0:00:05]} 31. axb5 {[%emt 0:00:22]} Na5 {[%emt 0:00:11]} 32. c5 {[%emt 0:00:39]} Nc4 {[%emt 0:01:11]} 33. Rd1 {[%emt 0:00:50]} Bh6 {[%emt 0:01:11]} 34. c6 {[%emt 0:01:31]} bxc6 {[%emt 0:00:36]} 35. bxc6 {[%emt 0:00:17]} Ne6 {[%emt 0:00:24]} 36. Rd7 {[%emt 0:01:56]} Bf8 {[%emt 0:00:57]} 37. Rxh7 {[%emt 0:01:07]} Be7 {[%emt 0:00:29]} 38. Rh8+ {[%emt 0:02:34]} Nf8 {[%emt 0:00:31]} 39. Rh4 {[%emt 0:01:33]} Nd6 {[%emt 0:00:29]} 40. Ra4 {[%emt 0:00:31]} Bd8 {[%emt 0:30:50]} 41. Ra8 {[%emt 0:05:33]} Ne6 {[%emt 0:00:00]} 42. Bb6 {[%emt 0:01:21]} Nb5 {[%emt 0:00:00]} 43. Rc8 {[%emt 0:03:02]} Nbc7 {[%emt 0:00:00]} 44. h4 {[%emt 0:01:01]} Ke7 {[%emt 0:00:00]} 45. g4 {[%emt 0:00:49]} Kd6 {[%emt 0:00:00]} 46. h5 {[%emt 0:00:55]} gxh5 {[%emt 0:00:00]} 47. gxh5 {[%emt 0:00:08]} Kxc6 {[%emt 0:00:00]} 48. h6 {[%emt 0:02:22]} Ng5 {[%emt 0:00:00]} 49. Be3 {[%emt 0:02:37]} Nf7 {[%emt 0:00:00]} 50. h7 {[%emt 0:02:09]} Kd7 {[%emt 0:00:00]} 51. Rb8 {[%emt 0:00:15]} f5 {[%emt 0:00:00]} 52. Bg5 {[%emt 0:05:04]} Ne6 {[%emt 0:00:00]} 53. Bxd8 {[%emt 0:06:26]} Nexd8 {[%emt 0:00:00]} 54. Kg2 {[%emt 0:00:38]} f4 {[%emt 0:02:25]} 55. Ra8 {[%emt 0:00:57]} Nh8 {[%emt 0:03:21]} 56. Kh3 {[%emt 0:01:05]} Ndf7 {[%emt 0:00:17]} 57. Kg4 {[%emt 0:00:20]} Ke6 {[%emt 0:00:34]} 58. Ra6+ {[%emt 0:00:37]} Ke7 {[%emt 0:02:10]} 59. Kf5 {[%emt 0:00:19]} e4 {[%emt 0:00:21]} 60. Ra7+ {[%emt 0:02:55]} Ke8 {[%emt 0:00:21]} 61. fxe4 {[%emt 0:02:17]} f3 {[%emt 0:00:06]} 62. Kf6 {[%emt 0:00:33]} f2 {[%emt 0:00:58]} 63. Ra1 {[%emt 0:00:38]} Nd6 {[%emt 0:00:54]} 64. e5 {[%emt 0:00:55]} Ne4+ {[%emt 0:00:30]} 65. Kg7 {[%emt 0:00:32]} Nf7 {[%emt 0:00:35]} 66. e6 {[%emt 0:00:17]} Neg5 {[%emt 0:00:29]} 67. exf7+ {[%emt 0:00:14]} Nxf7 {[%emt 0:00:06]} 68. h8=Q+ {[%emt 0:00:15]} 1-0

[Event "AUT-ch 2018"]
[Site "Vienna"]
[Date "2018.07.26"]
[Round "6"]
[White "Schmidlechner, Alexander"]
[Black "Atzl, Florian"]
[Result "0-1"]
[WhiteElo "2226"]
[BlackElo "2117"]
[Annotator "NA"]
[PlyCount "82"]
[EventDate "2018.07.22"]
[EventType "swiss"]
[EventCountry "AUT"]
[SourceTitle "playchess.com"]
[Source "ChessBase"]
[SourceQuality "1"]
[TimeControl "40/5400+30:1800+30"]

1. d4 {[%emt 0:00:00]} Nf6 {[%emt 0:00:13]} 2. c4 {[%emt 0:00:00]} e6 {[%emt 0:00:08]} 3. Nf3 {[%emt 0:00:27]} b6 {[%emt 0:00:07]} 4. g3 {[%emt 0:00:20]} Ba6 {[%emt 0:00:07]} 5. Qa4 {[%emt 0:00:46]} Be7 {[%emt 0:02:30]} 6. Bg2 {[%emt 0:00:18]} Bb7 {[%emt 0:00:02]} 7. O-O {[%emt 0:00:31]} O-O {[%emt 0:00:04]} 8. Nc3 {[%emt 0:03:52]} c5 {[%emt 0:02:54]} 9. dxc5 {[%emt 0:01:24]} bxc5 {[%emt 0:01:25]} 10. Rd1 {[%emt 0:06:50]} d6 {[%emt 0:05:31]} 11. Bf4 {[%emt 0:05:45]} a6 {[%emt 0:02:06]} 12. Rd2 {[%emt 0:20:45]} Qc7 {[%emt 0:04:12]} 13. Rad1 {[%emt 0:04:38]} Rd8 {[%emt 0:00:18]} 14. Qc2 {[%emt 0:04:16]} Nc6 {[%emt 0:03:35]} 15. Bg5 {[%emt 0:03:24]} h6 {[%emt 0:01:27]} 16. Bxf6 {[%emt 0:00:51]} Bxf6 {[%emt 0:00:02]} 17. Ne4 {[%emt 0:00:14]} Be7 {[%emt 0:01:15]} 18. Nc3 {[%emt 0:07:59]} Rab8 {[%emt 0:00:50]} 19. b3 {[%emt 0:02:16]} Ba8 {[%emt 0:04:05]} 20. e4 {[%emt 0:00:41]} Bf6 {[%emt 0:00:18]} 21. Ne2 {[%emt 0:02:32]} Nb4 {[%emt 0:05:45]} 22. Qb1 {[%emt 0:00:20]} a5 {[%emt 0:01:47]} 23. Nf4 {[%emt 0:02:45]} g6 {[%emt 0:04:17]} 24. h4 {[%emt 0:06:58]} a4 {[%emt 0:01:54]} 25. Nh2 {[%emt 0:02:03]} Nc6 {[%emt 0:03:11]} 26. Ng4 {[%emt 0:01:41]} Bg7 {[%emt 0:01:29]} 27. h5 {[%emt 0:03:40]} g5 {[%emt 0:00:40]} 28. Ne2 {[%emt 0:00:12]} axb3 {[%emt 0:00:31]} 29. axb3 {[%emt 0:00:07]} Na5 {[%emt 0:00:59]} 30. e5 {[%emt 0:02:12]} Bxg2 {[%emt 0:01:24]} 31. Kxg2 {[%emt 0:00:42]} Nxc4 {[%emt 0:04:17]} 32. exd6 {[%emt 0:00:36]} Qb7+ {[%emt 0:00:29]} 33. Kh2 {[%emt 0:00:18]} Nxd2 {[%emt 0:00:20]} 34. Rxd2 {[%emt 0:00:02]} Qf3 {[%emt 0:00:47]} 35. Ne3 {[%emt 0:00:37]} Qxf2+ {[%emt 0:01:14]} 36. Ng2 {[%emt 0:00:14]} Be5 {[%emt 0:02:24]} 37. Qd1 {[%emt 0:01:01]} Qf3 {[%emt 0:01:25]} 38. Rd3 {[%emt 0:01:05]} Qxh5+ {[%emt 0:00:10]} 39. Kg1 {[%emt 0:00:12]} Ra8 {[%emt 0:00:28]} 40. Qc2 {[%emt 0:00:41]} Ra1+ {[%emt 0:30:36]} 41. Kf2 {[%emt 0:30:05]} Qg6 {[%emt 0:03:03]} 0-1